000 00829cam a2200241 i 4500
003 DO-SdBNP
005 20250617152951.0
007 ta
008 250617s1983 dr 000 0 spa d
040 _aDO-SdBNP
_bspa
_cBNPHU
_erda
082 _axxx
_bR426r
_222
110 1 _aRepública Dominicana.
_bSecretaría de Estado de Educación, Bellas Artes y Cultos
_923965
245 1 0 _aReglamento de la educación secundaria y normalista /
264 1 _aSanto Domingo :
_bSecretaria de Estado de Educación, Bellas Artes y Cultos,
_c1983.
300 _a80 páginas
_c21 cm.
336 _atexto
_btxt
_2rdacontent
337 _asin mediación
_bn
_2rdamedia
338 _avolumen
_bnc
_2rdacarrier
500 _aDirección General de Educación Media.
590 _aInventariado, 2025/ YL
910 _aYLockward
942 _2ddc
_cLBS1
999 _c59324
_d59324